=LDR 00000nam 2200000 4500 =001 INLIS000000000058484 =005 20210927110830 =035 ##$$a 0010-0921000288 =007 ta =008 210927###########################0#ind## =020 ##$$a 978-602-6610-78-2 =082 ##$$a 297.015 =084 ##$$a 297.015 Sal b =245 1#$$a Beragama Rahmatan lil'alamin : $b Bersama mazhab psikologi transpersonal /$c Dr. Saliyo, S.Ag., M.Si =300 ##$$a 190 halaman ; $c 21 cm =650 #4$$a Islam & Psikologi =264 ##$$a Yogyakarta :$b LKis,$c 2018 =336 ##$$a teks$2 rdacontent =337 ##$$a lain-lain$2 rdamedia =338 ##$$a lain-lain$2 rdacarrier =990 ##$$a 12221222 =990 ##$$a 12221222